|
|
|
|
| LEADER |
00000nam0a2200000 4500 |
| 001 |
314252 |
| 005 |
20231102002646.0 |
| 010 |
|
|
|a 9785982278630
|
| 035 |
|
|
|a (RuTPU)RU\TPU\book\339663
|
| 035 |
|
|
|a RU\TPU\book\40199
|
| 090 |
|
|
|a 314252
|
| 100 |
|
|
|a 20020327d2016 k y0rusy50 ca
|
| 101 |
0 |
|
|a rus
|
| 102 |
|
|
|a RU
|
| 105 |
|
|
|a y z 001zy
|
| 200 |
1 |
|
|a Обобщенные функции и действия над ними
|f И. М. Гельфанд, Г. Е. Шилов
|
| 210 |
|
|
|a Москва
|c Добросвет
|c КДУ
|d 2016
|
| 215 |
|
|
|a 408 с.
|
| 225 |
1 |
|
|a Обобщенные функции
|v Вып. 1
|
| 320 |
|
|
|a Библиогр.: с. 402-403.
|
| 320 |
|
|
|a Алфавитный указатель: с. 404-408.
|
| 330 |
|
|
|a Теория обобщенных функций — оформившаяся в последние годы область функционального анализа; она возникла в связи с потребностями математической физики и позволила правильно поставить и разрешить ряд классических проблем прикладного значения. В настоящем выпуске рассматриваются главным образом основные понятия теории обобщенных функций, действия над обобщенными функциями и т. д. Первые две главы представляют собой элементарное введение эту теорию. Третья глава несколько труднее для чтения и содержит более специальный материал. Выпуск рассчитан на научных работников в различных областях математики, физики и смежных наук, на аспирантов и студентов (математиков и физиков) старших курсов университетов. Он будет также интересен и полезен для инженеров.
|
| 606 |
1 |
|
|a Обобщенные функции
|2 stltpush
|3 (RuTPU)RU\TPU\subj\46421
|9 65561
|
| 610 |
1 |
|
|a дифференцирование
|
| 610 |
1 |
|
|a интегрирование
|
| 610 |
1 |
|
|a регуляризация
|
| 610 |
1 |
|
|a свертка
|
| 610 |
1 |
|
|a уравнения
|
| 610 |
1 |
|
|a преобразования Фурье
|
| 610 |
1 |
|
|a дифференциальные уравнения
|
| 610 |
1 |
|
|a произвольные функции
|
| 675 |
|
|
|a 517.982.4
|v 3
|
| 700 |
|
1 |
|a Гельфанд
|b И. М.
|g Израиль Моисеевич
|
| 701 |
|
1 |
|a Шилов
|b Г. Е.
|g Георгий Евгеньевич
|
| 801 |
|
1 |
|a RU
|b 63413507
|c 20160210
|
| 801 |
|
2 |
|a RU
|b 63413507
|c 20160325
|g RCR
|
| 900 |
|
|
|a Функциональный анализ
|
| 942 |
|
|
|c BK
|
| 959 |
|
|
|a 15/20160204
|d 1
|e 484,00
|f ЧЗТЛ:1
|